Fitness Racquet Sports and spa Projects : A guide to appraisal, market analysis development and financing

Bibliographic Details
Main Author: Gimmy, Arthur E.
Other Authors: Woodworth, Brian B.
Format: Book
Published: Chicago : AIREA , 1989
Subjects:

MARC

LEADER 00000cam a2200000 7i4500
001 0000001572
005 20050422.0
020 |a 091178098x 
040 |a INS 
090 0 0 |a GV188.   |b G55 1989 
100 1 |a Gimmy, Arthur E. 
245 1 0 |a Fitness Racquet Sports and spa Projects :   |b A guide to appraisal, market analysis development and financing   |c Arthur E. Gimmy, Brian B. Woodworth 
260 |a Chicago :   |b AIREA ,   |c 1989 
300 |a v :   |b 191p ;   |c 24cm. 
650 0 0 |a Leisure industry 
650 0 0 |a Leisure properties   |x valuation 
650 0 0 |a Physical fitness centers   |x economic aspects 
700 0 |a Woodworth, Brian B. 
999 |a 0000007080   |b BOOK   |c Open Shelf   |e Default branch 
999 |a 000007080   |b BOOK   |c Open Shelf   |e Default branch